00897nam a2200241Ia 4500003000400000005001700004008004100021020001500062040001800077041000800095082001800103100003200121245015700153250001200310260003500322300002900357650003200386700002800418700003000446942003000476999001900506952013000525OSt20241127091839.0210716s2004 xx 000 0 und d a818128030X cAIMIT LIBRARY aeng a005.74 bKNOG aKnolmayer, Gerhard.9186693 aSupply chain management based on sap systems :border management in manufacturing companies /cBy Gerhard Knolmayer, Peter Mertens and Alexander Zeier. a1st ed. aNew Delhi :bSpringer ,c2004. axi,244 p.;bPBc23.7 cm. aDatabase Management9186694 aMertens, Peter.9186695 aZeier, Alexander.9186696 2ddccBKe1stk005.74 KNOG c186270d186270 001040708MCAaAIMITbAIMITeSita Book Houseg299.00l0o005.74 KNOGpMCA05778r2026-05-23 00:00:00v239.20w2021-07-16yBK